Design of a digital phase detector for Cross Clock domains in MPSoC [Project Report BEE-4] (Record no. 10575)

000 -LEADER
fixed length control field 00695 a2200145 4500
082 ## - DEWEY DECIMAL CLASSIFICATION NUMBER
Classification number BEE-4
100 ## - MAIN ENTRY--PERSONAL NAME
Personal name Faiq Khalid Lodhi, Nadra Ramzan, Naeha Sharif
9 (RLIN) 92970
245 ## - TITLE STATEMENT
Title Design of a digital phase detector for Cross Clock domains in MPSoC [Project Report BEE-4]
Statement of responsibility, etc. Faiq Khalid Lodhi, Nadra Ramzan, Naeha Sharif
Medium English
260 ## - PUBLICATION, DISTRIBUTION, ETC.
Place of publication, distribution, etc. Islamabad
Name of publisher, distributor, etc. NUST School of Electrical Engineering and Computer Science
Date of publication, distribution, etc. 2011.
300 ## - PHYSICAL DESCRIPTION
Extent 90p.
Other physical details ;ill.
Dimensions :27cm. +
Accompanying material CD-ROM
500 ## - GENERAL NOTE
General note Supervisors: Faiq Khalid Lodhi, Nadra Ramzan, Neeha Sharif
700 ## - ADDED ENTRY--PERSONAL NAME
Personal name Faiq Khalid Lodhi, Nadra Ramzan, Naeha Sharif
9 (RLIN) 92970
856 ## - ELECTRONIC LOCATION AND ACCESS
Uniform Resource Identifier <a href="http://10.250.8.41:8080/xmlui/handle/123456789/9184">http://10.250.8.41:8080/xmlui/handle/123456789/9184</a>
942 ## - ADDED ENTRY ELEMENTS (KOHA)
Koha item type Project Report
Call number prefix BEE-4 FAI
Source of classification or shelving scheme
Holdings
Withdrawn status Lost status Source of classification or shelving scheme Damaged status Not for loan Permanent Location Current Location Date acquired Full call number Barcode Date last seen Price effective from Koha item type
WITHDRAWN         Central Library (CL) Central Library (CL) 07/05/2022 BEE-4 FAI SEECSP00989 11/14/2012 11/14/2012 Project Report
© 2023 Central Library, National University of Sciences and Technology. All Rights Reserved.